00314nam a2200133Ia 4500008004100000020001600041041001200057082001600069100001600085245003500101260002700136300001000163650000700173221030s9999 xx 000 0 und d a81865550408 aEnglish a105.23bMit aR. C. Sukla 0aControl Systemcby R. C. Sukla bDhanpat Rai & Coc1998 a17.13 aEE